Group process and the inductive method : (Record no. 14783)
[ view plain ]
| 000 -LEADER | |
|---|---|
| fixed length control field | 00658nam a2200193 a 4500 |
| 003 - CONTROL NUMBER IDENTIFIER | |
| control field | PILC |
| 005 - DATE AND TIME OF LATEST TRANSACTION | |
| control field | 20150112093442.0 |
| 008 - FIXED-LENGTH DATA ELEMENTS--GENERAL INFORMATION | |
| fixed length control field | 100726s19uu xx 00 eng d |
| 020 ## - INTERNATIONAL STANDARD BOOK NUMBER | |
| International Standard Book Number | 9715502415 |
| 050 ## - LIBRARY OF CONGRESS CALL NUMBER | |
| Classification number | HM 134 |
| Item number | .Or77 1999 |
| 082 ## - DEWEY DECIMAL CLASSIFICATION NUMBER | |
| Classification number | SFf 302.14 |
| Item number | Or8 1999 |
| 100 ## - MAIN ENTRY--PERSONAL NAME | |
| Personal name | Ortigas, Carmela D. |
| 9 (RLIN) | 19772 |
| 245 ## - TITLE STATEMENT | |
| Title | Group process and the inductive method : |
| Remainder of title | Theory and practice in the Philippines / |
| Statement of responsibility, etc | Carmela D. Ortigas |
| 260 ## - PUBLICATION, DISTRIBUTION, ETC. (IMPRINT) | |
| Place of publication, distribution, etc | Quezon City, Philippines : |
| Name of publisher, distributor, etc | Ateneo De Manila University Press, |
| Date of publication, distribution, etc | 1999. |
| 300 ## - PHYSICAL DESCRIPTION | |
| Extent | 186 pages : |
| Dimensions | 22 cm. |
| 650 ## - SUBJECT ADDED ENTRY--TOPICAL TERM | |
| Topical term or geographic name as entry element | Group relations training |
| 9 (RLIN) | 14305 |
| 650 ## - SUBJECT ADDED ENTRY--TOPICAL TERM | |
| Topical term or geographic name as entry element | Group work in education |
| 9 (RLIN) | 19773 |
| 942 ## - ADDED ENTRY ELEMENTS (KOHA) | |
| Source of classification or shelving scheme | Library of Congress Classification |
| Koha item type | Books |
| Withdrawn status | Lost status | Source of classification or shelving scheme | Damaged status | Home library | Current library | Shelving location | Date acquired | Total Checkouts | Total Renewals | Full call number | Barcode | Date last seen | Date checked out | Copy number | Price effective from | Koha item type | Source of acquisition | Sub Shelving location |
|---|---|---|---|---|---|---|---|---|---|---|---|---|---|---|---|---|---|---|
| Library of Congress Classification | Southville International School Affiliated with Foreign Universities Library | Southville International School Affiliated with Foreign Universities Library | Southville Foreign University Section | 09/14/2013 | 1 | 44 | HM 134 .Or77 1999 | SFU1308 | 04/29/2019 | 02/11/2019 | 1 | 09/14/2013 | Books | |||||
| Library of Congress Classification | Southville International School Affiliated with Foreign Universities Library | Southville International School Affiliated with Foreign Universities Library | Southville Foreign University Section | 09/14/2013 | HM 134 .Or77 1999 | SFU1309 | 05/15/2018 | 2 | 09/14/2013 | Books | ||||||||
| Library of Congress Classification | Southville International School Affiliated with Foreign Universities Library | Southville International School Affiliated with Foreign Universities Library | Southville Foreign University Section | 10/04/2019 | HM 134 .Or77 1999 | SFU0329 | 10/04/2019 | 10/04/2019 | Books | Donation |